000
00297nam a2200145Ia 4500
100
_a
Valesky/Tom
942
_c
BK
654
_a
computer
245
_a
Enterprise Java beans
260
_b
Person Education
_c
1999
082
_a
5.133
_b
VAL
300
_a
324
546
_a
ENGLISH
999
_c
20213
_d
20213